000 00311nam a22001457a 4500
008 210518b ||||| |||| 00| 0 eng d
020 _a9780324154900
041 _aeng
080 _a33
082 _a33
100 _a58
101 _aBIZ
245 _aThe Future of Business
_cGitman,L.J
942 _2udc
_cBK
999 _c57451
_d57451